Giuristi e officium: l'elaborazione giurisprudenziale di regole per l'esercizio del potere fra II e III secolo D.C
Saved in:
| 主要作者: | |
|---|---|
| 格式: | 圖書 |
| 語言: | 意大利语 |
| 出版: |
Nápoles
Edizioni Scientifiche Italiane
2011
|
| 主題: | |
| 標簽: |
添加標簽
沒有標簽, 成為第一個標記此記錄!
|
MARC
| LEADER | 00000cam a2200000 a 4500 | ||
|---|---|---|---|
| 001 | UCF3058 | ||
| 003 | CL-VaPUC | ||
| 008 | 120927e20110000IT |||||||||||||||||ita|d | ||
| 020 | |a 9788849522204 | ||
| 082 | 0 | 4 | |a 340.54 |b STO |2 21 |
| 100 | 0 | |a Stolfi, Emanuele |e author |9 564967 | |
| 245 | 1 | 0 | |a Giuristi e officium: l'elaborazione giurisprudenziale di regole per l'esercizio del potere fra II e III secolo D.C |
| 300 | |a 234 p | ||
| 942 | |c BK | ||
| 945 | |d 20120927 00:00:00 |a cmena | ||
| 260 | |a Nápoles |b Edizioni Scientifiche Italiane |c 2011 | ||
| 650 | 0 | |a Derecho romano |9 255930 | |
| 650 | 0 | |a Poder político |9 255509 | |
| 650 | 0 | |a Historia del derecho |9 255109 | |
| 583 | |a last modification |c 20120927 15:26:00 |k Rodrigo Vera | ||
| 999 | |c 349579 |d 349577 | ||
| 952 | |0 0 |1 0 |4 0 |6 340_540000000000000_STO_2011 |7 0 |8 DER_ROM |9 452242 |a BIBDER |b BIBDER |d 2019-11-22 |i 4905679 |o 340.54 STO 2011 |p 4905679 |r 2023-01-25 |w 2019-11-22 |x Ubicación 4to piso |y BK |z Este recurso debe solicitarse con anticipación |k DER | ||
| 952 | |0 0 |1 0 |3 erd |4 0 |6 340_540000000000000_STO_2011 |7 0 |8 A |9 452243 |a BIBDER |b BIBDER |i 5125790 |o 340.54 STO 2011 |p 5125790 |r 2023-01-25 |w 2019-11-22 |y BK |z Catalogado en:20141120 |k DER | ||